000 00488nam a22001457a 4500
999 _c60728
_d60728
005 20231016105901.0
008 231016s1973 ru ||||| |||| 00| 0 rus d
041 _arus
080 _a75(493) C-28
100 _aСедова Т.А.
_920082
245 _aХудожественные музеи Бельгии /
_cТ.А. Седова.
300 _a224 стр.;
_b17 см.
653 _aხელოვნების მუზეუმები ბელგიაში
942 _2udc
_cBK